| 000 | 01606nam0a2200325 4500 | ||
|---|---|---|---|
| 001 | RU\NLR\BIBL_A\011889422 | ||
| 005 | 20181225131219.0 | ||
| 010 |
_a978-5-89781-620-0 _9500 |
||
| 021 |
_aRU _bКН-П-18-085601 _9КН-П-18-6200 |
||
| 035 | _a(NLR Aleph) 011889422 | ||
| 035 | _a(RuMoRGB)009803271 | ||
| 090 |
_a10823267 _c10823267 |
||
| 100 | _a20181212d2018 k y0rusy50 ca | ||
| 101 | 0 | _arus | |
| 102 | _aRU | ||
| 105 | _ay|||z|||000zy | ||
| 200 | 1 |
_aВ поисках новой идентичности: о цивилизационной идентичности Республики Дагестан _eмонография _fШ. А. Алибегилов, В. А. Волков |
|
| 210 |
_aСанкт-Петербург _cИПЦ СЗИУ РАНХиГС _d2018 |
||
| 215 |
_a124, [1] с. _d21 |
||
| 300 | _aНа обороте тит.л. авт.: Алибегилов Ш.А. - к.полит.н., преп., Волков В.А. - д.полит.н., проф. | ||
| 320 | _aБиблиогр. в конце кн. (218 назв.) и в подстроч. примеч. | ||
| 606 | 1 |
_aИдентичность политическая _yДагестан, Республика _92392044 _3RU\NLR\AUTH\6601646794 |
|
| 686 | 1 | _aФ3(2Р-6Д)1 | |
| 700 | 1 |
_aАлибегилов _bШ. А. _gШамиль Абдулаевич |
|
| 701 | 1 |
_7ca _8rus _aВолков _bВ. А. _cд-р полит. наук _f1959- _gВиталий Александрович _951342 _3RU\NLR\AUTH\7768414 |
|
| 942 | _cBOOK | ||
| 980 | _aNBR | ||
| 980 | _aNB | ||